| 000 | 00404nam a2200157Ia 4500 | ||
|---|---|---|---|
| 008 | 230711s9999||||xx |||||||||||||| ||und|| | ||
| 041 | _aENG | ||
| 082 |
_a621.3192 _bGU-E |
||
| 100 | _aGupta,B.R | ||
| 245 | 0 | _aFundamentals of electrical networks | |
| 250 | _a1st Ed. | ||
| 260 |
_c2003 _aNew Delhi _bS.Chand & Company Ltd |
||
| 650 | _aElectrical Engineering | ||
| 700 | _aSinghal,Vandana | ||
| 942 | _cBK | ||
| 999 |
_c4428 _d4428 |
||